| 000 | 00607nam a2200217Ia 4500 | ||
|---|---|---|---|
| 005 | 20250508165957.0 | ||
| 008 | 008 250505s9999 xx 000 0 eng d | ||
| 020 | _a81-7541-347-6 | ||
| 037 | _aTextual | ||
| 040 |
_aFEDL _beng _cFEDL |
||
| 041 |
_aeng _2eng |
||
| 084 |
_a331.31, SHI _qFEDL |
||
| 100 |
_aShirur Prachi _9782581 |
||
| 245 | 0 | _aEducation, child labour and NGOs | |
| 260 |
_aDelhi, India _bShipra Publications _c2007 |
||
| 300 | _aix, 202p. | ||
| 365 |
_aINR _b590.75 |
||
| 700 |
_a Shirur Srinivas _9782582 |
||
| 942 |
_cTEXL _h331.31, SHI |
||
| 999 |
_c1398489 _d1398489 |
||